| 000 | 00419 a2200157 4500 | ||
|---|---|---|---|
| 005 | 20250629135130.0 | ||
| 020 | _a039587162 | ||
| 082 | _a658.8 JEA | ||
| 100 | _aJEANNET,P.J. | ||
| 245 | _aGlobal Marketing Strategies | ||
| 250 | _a4th Ed. | ||
| 260 |
_aNew York. _bHoughton Mifflin Company Boston New york _c1998. |
||
| 300 |
_axiii,918p.;ill,figure,tables _bIndex _c25cm |
||
| 700 | _aHENNESSY,H.D. | ||
| 942 |
_2ddc _cBKS |
||
| 999 |
_c6372 _d6372 |
||